000 00312nam a2200133 i 4500
001 bg
245 0 _aKonstytucja Związku Socjalistycznych Republik Radzieckich.
250 _aWyd.2.
260 _aWarszawa,
_c1978.
040 _cBPK
041 _apol
942 _cKS
008 s pl f |000 0 pol
999 _c9579
_d9579
856 _uhttp://koha.tu.koszalin.pl/cgi-bin/koha/opac-detail.pl?biblionumber=9579
_yKatalog online BPK